|
|
|
|
| LEADER |
00000naa a2200000 ar4500 |
| 001 |
vtls008945927 |
| 003 |
SK-MaSNL |
| 005 |
20260302145059.0 |
| 008 |
070206|2005 xo |r||||||||||00 b|slo |
| 015 |
|
|
|a SNBRA2007/02
|2 snkbucl
|
| 038 |
|
|
|a SNKBUCL
|
| 040 |
|
|
|a SNKBUCL
|b slo
|c SNKBUCL
|e AACR2
|
| 041 |
1 |
|
|a slo
|b eng
|b hun
|
| 044 |
|
|
|a xo
|c SK
|
| 080 |
|
|
|a 39(=162.4)(439)
|2 2001
|
| 080 |
|
|
|a 316.022.4(=162.4)(439)
|2 2001
|
| 080 |
|
|
|a 323.113(=162.4)(439)
|2 2001
|
| 100 |
1 |
|
|a Divičanová, Anna,
|d 1940-
|4 aut
|9 219889
|
| 245 |
1 |
0 |
|a Kniha Ondrejovi Krupovi V službách etnografie
|b zborník na počesť sedemdesiatin Ondreja Krupu
|c Anna Divičanová
|
| 504 |
|
|
|a Bibliogr. odkazy
|
| 546 |
|
|
|a Res. angl., maď.
|
| 600 |
1 |
7 |
|a Krupa, Ondrej,
|d 1934-2015
|2 snkbucl
|9 263987
|
| 630 |
0 |
7 |
|a V službách etnografie (zborník)
|2 snkbucl
|9 836753
|
| 650 |
0 |
7 |
|a etnografia
|2 snkbucl
|9 950
|
| 650 |
0 |
7 |
|a zborníky
|2 snkbucl
|9 108488
|
| 650 |
0 |
7 |
|a Slováci v zahraničí
|2 snkbucl
|9 14695
|
| 651 |
|
7 |
|a Maďarsko
|2 snkbucl
|9 16754
|
| 773 |
0 |
|
|t 15 rokov Výskumného ústavu Slovákov v Maďarsku
|d Békešská Čaba : Výskumný ústav Slovákov v Maďarsku, 2005
|g S. 217-219
|z 9638657359
|
| 852 |
|
|
|a SNK
|b KIS3GCP
|
| 958 |
|
|
|a HU
|
| 958 |
|
|
|a SK
|
| 999 |
|
|
|c 1352467
|d 1354397
|